000 00476nam a2200181 a 4500
001 7053
003 CO-ViMGA
008 141112s2004 ck r 000 u spa d
040 _aCO-ViMGA
_bspa
_cCO-ViMGA
082 0 4 _a651.74 C682
100 1 _aCauchaere, Marie Josee
_96115
245 1 0 _aEscriba mejor y sólo lo importante
260 _aBarcelona :
_bGranica,
_c1990
300 _a19 p
490 _aAcción, 18
650 1 4 _aCOMUNICACIONES ESCRITAS
_96116
942 _2ddc
_cBK
999 _c19018
_d19018